000 00696cam a2200205 a 4500
001 000013253
005 20200929163157.0
008 830511s1983 txua b 001 0 eng
020 _a0256027080
040 _aDO-SdBNP
_beng
_cLC
_dBNPHU
082 _a332.40973
_bR795m
100 1 _aRose, Peter S.
_930442
245 1 0 _aMoney and capital markets :
_bthe financial system in the economy /
_cPeter S. Rose.
260 _aPlano, Texas :
_bBusiness Publications,
_c1983.
300 _axix, 739 p. :
_bil. ;
_c25 cm.
650 4 _aFinanzas internacionales
_zEstados Unidos.
_930443
650 4 _aMercado de capitales
_zEstados Unidos.
_930444
910 _aCatalogación por copia / LC
049 _aBNGR
999 _c12884
_d12884